सुबोध हिन्दी व्याकरण (Record no. 2779)

MARC details
000 -LEADER
fixed length control field 01058 a2200217 4500
005 - DATE AND TIME OF LATEST TRANSACTION
control field 2008091006546.0
008 - FIXED-LENGTH DATA ELEMENTS--GENERAL INFORMATION
fixed length control field 080910t xxu||||| |||| 00| 0 hin d
010 ## - LIBRARY OF CONGRESS CONTROL NUMBER
LC control number HIN-79457
020 ## - INTERNATIONAL STANDARD BOOK NUMBER
Terms of availability 125.00
035 ## - SYSTEM CONTROL NUMBER
System control number HN-51803
037 ## - SOURCE OF ACQUISITION
Source of stock number/acquisition D.B.Act / pub
082 ## - DEWEY DECIMAL CLASSIFICATION NUMBER
Classification number 425
100 ## - MAIN ENTRY--PERSONAL NAME
Personal name इन्दु प्रकाश सिंह
245 ## - TITLE STATEMENT
Title सुबोध हिन्दी व्याकरण
Statement of responsibility, etc इन्दु प्रकाश सिंह
246 ## - VARYING FORM OF TITLE
Title proper/short title Subod Hindi Vyakaran
260 ## - PUBLICATION, DISTRIBUTION, ETC. (IMPRINT)
Place of publication, distribution, etc जयपुर
Name of publisher, distributor, etc पंचशील प्रकाशन
Date of publication, distribution, etc 2005
270 ## - ADDRESS
Address फिल्म कालोनी,चौड़ा रास्ता
City जयपुर
Postal code 302003
Telephone number 0141-2315072
Electronic mail address panchsheel_j@sify.com
Fax number 5113854
300 ## - PHYSICAL DESCRIPTION
Extent 368पृ
Dimensions 22सेमी (सजिल्द)
942 ## - ADDED ENTRY ELEMENTS (KOHA)
Institution code [OBSOLETE] dpl
Koha item type Hindi Books
Call number prefix 425 / इन्दुप्र
Source of classification or shelving scheme Dewey Decimal Classification
Classification part 425
Call number suffix इन्दुप्र
Holdings
Withdrawn status Lost status Damaged status Not for loan Home library Current library Date acquired Cost, normal purchase price Total Checkouts Full call number Barcode Date last seen Copy number Uniform Resource Identifier Cost, replacement price Price effective from Koha item type
        D.B.Act.Division D.B.Act.Division 10/09/2008 125.00   425 इन्दुप्र HN-51803 15/09/2008 1 2968 125.00 15/09/2008 Hindi Books

© Delhi Public Library
Hit Counter
free hit counter